00865nam a2200193 a 450000100100000000500170001000800410002702000180006804000250008610000340011124500510014526000470019630000210024350000620026495201120032695201110043895201050054999900170065400003788120201002031130.0130307s2012 dr 000 0 spa d a9781608624225 aDO-SdBNPbspacBNPHU1 aMontaña, Hermy de la96432510aDetrás de un sueño /cHermy de un sueño. aMontgomery, Alabama :bE-Book Time,c2012. a145 p. ;c24 cm. aIncluye datos biográficos del autor en la contraportada 0010718DSaGRbGRcCTd2013-03-07iLF1l0o p37881-30r2020-06-25te . 3w2020-06-25yLFDSZNo se presta 0010718PDaPDbPDcCTd2013-03-07iLF1l0o p37881-10r2020-06-25te. 2w2020-06-25yLFPDZNo se presta 0010718PDaPDbPDcCTd2013-03-07iLF1l0o p37881-20r2020-06-25w2020-06-25yLFPDZNo se presta c37371d37371